000
00256nam a22001097a 4500
082
_a
150
_b
MAR/P
100
_a
MARDEN,ORISON SWETT
245
_a
PEACE POWER AND PLENTY
260
_a
INDIA
_b
ARORA'S BOOK WORLD
650
_a
PERSONALITY DEVELOPMENT
942
_c
BK
999
_c
5396
_d
5396